00899 2200301 4500001002100000005001500021035002000036007000300056040001700059100003900076245009100115300003400206504002900240020002200269041000800291082001000299084001600309090002200325264003700347336002100384337003000405338002300435650002900458700004400487850001000531008004100541990001500582INLIS00000000000858720260518022025 a0010-0922001076ta aSBPUPADbind0 aTjokorda G. B. MahadewaePengarang1 aDiagnosis dan Tata Laksana Kegawat Daruratan Tulang Belakang /cTjokorda G. B.Mahadewa a244 hlm :bilus. ;c14 x 18cm aBibliografi, hlm 243-244 a978-979-3288-73-407aind a617.1 a617.1 TJO d a617.1 TJO d L18-4 a.--Jakarta :bSagung Seto,c2009 2rdacontentateks 2rdamediaatanpa perantara 2rdacarrieravolume 4aPenyakit Tulang Belakang0 aPengarang ke-2, Sri MaliawanePengarang aPUPAD260518 0  a866/B/2013